Statistics for Thai Alphabet

Click here to take the quiz!

General Stats

  • This quiz has been taken 282 times
  • The average score is 38 of 44

Answer Stats

ThaiLatin% Correct
k
98%
n
95%
n
95%
t
95%
t
95%
h
94%
h
94%
p
94%
b
93%
s
93%
s
93%
s
93%
s
93%
d
92%
d
92%
r
92%
y
92%
y
92%
f
91%
f
91%
l
91%
l
91%
m
91%
w
91%
ch
83%
ch
83%
ch
83%
ch
83%
kh
82%
kh
82%
kh
82%
kh
82%
kh
82%
ng
79%
th
78%
th
78%
th
78%
th
78%
th
78%
th
78%
ph
76%
ph
76%
ph
76%
e
59%

Score Distribution

Percentile by Number Answered

Percent of People with Each Score

Your Score History

You have not taken this quiz